Normal view
MARC view
- الإدارة التعليمية-التدريب الإداري
Entry Topical Term
001 - CONTROL NUMBER
- control field: 50314
003 - CONTROL NUMBER IDENTIFIER
- control field: JO-AjAnu
005 - DATE AND TIME OF LATEST TRANSACTION
- control field: 20230606082302.0
008 - FIXED-LENGTH DATA ELEMENTS
- fixed length control field: 230606|| aca||aabn | a|a d
040 ## - CATALOGING SOURCE
- Original cataloging agency: JO-AjAnu
- Transcribing agency: JO-AjAnu
150 ## - HEADING--TOPICAL TERM
- Topical term or geographic name entry element: الإدارة التعليمية-التدريب الإداري
670 ## - SOURCE DATA FOUND
- Source citation: Work cat.: (JO-AjAnu)25723: السامرائي، طارق عبد الحميد, author 50313, صياغة حديثة لبرامج التأهيل والتدريب التربوي